ENGLISH SKILLS FOR LAWYERS (Record no. 198779)

MARC details
000 -LEADER
fixed length control field 00329nam a2200133Ia 4500
008 - FIXED-LENGTH DATA ELEMENTS--GENERAL INFORMATION
fixed length control field 220923s9999 xx 000 0 und d
020 ## - INTERNATIONAL STANDARD BOOK NUMBER
International Standard Book Number 9789350356319
100 ## - MAIN ENTRY--PERSONAL NAME
Personal name CHALLA, KRISHNAVEER A.
245 #0 - TITLE STATEMENT
Title ENGLISH SKILLS FOR LAWYERS
260 ## - PUBLICATION, DISTRIBUTION, ETC.
Name of publisher, distributor, etc. LEXIS NEXIS, GURGAON
Date of publication, distribution, etc. 2021
300 ## - PHYSICAL DESCRIPTION
Extent 96
650 ## - SUBJECT ADDED ENTRY--TOPICAL TERM
Topical term or geographic name entry element Lawyering
942 ## - ADDED ENTRY ELEMENTS (KOHA)
Koha item type Book
Holdings
Withdrawn status Lost status Damaged status Not for loan Home library Current library Shelving location Date acquired Cost, normal purchase price Total Checkouts Barcode Date due Date last seen Date last checked out Price effective from Koha item type
        Mewar University Central Library Mewar University Central Library Law 30/06/2022 175.00 1 L7341 05/05/2026 18/04/2026 18/04/2026 30/06/2022 Book